[Event "Autumn Cup"]
[Site "Wellington Chess Club"]
[Date "2014.05.01"]
[Round "1"]
[White "Farrington, Lawrence"]
[Black "Roberts, Michael"]
[Result "1/2-1/2"]
[WhiteElo "1733"]
[BlackElo "1759"]

1. e4 e5 2. Nf3 Nf6 3. Nc3 Nc6 4. Bb5 d6 5. d4 exd4 6. Nxd4 Bd7 7. O-O g6 8.
Nd5 Bg7 9. c3 O-O 10. Nxf6+ Qxf6 11. Be3 a6 12. Bd3 Ne5 13. Be2 Qe7 14. Qd2 Ng4
15. Bxg4 Bxg4 16. f3 Bd7 17. Bg5 f6 18. Be3 Rfe8 19. Rfe1 Qf7 20. b3 Rad8 21.
Rad1 Bc8 22. c4 c5 23. Ne2 b5 24. cxb5 axb5 25. Nf4 f5 26. exf5 Qxf5 27. Qd5+
Qxd5 28. Nxd5 Rd7 29. Bf2 Rxe1+ 30. Rxe1 Bb7 31. Rd1 Kf7 32. Nf4 Be5 33. Nh3
Ke8 34. Bg3 Bxg3 35. hxg3 d5 36. Nf4 d4 37. Kf2 Re7 38. Nd3 c4 39. bxc4 bxc4
40. Nc5 d3 41. Nxb7 Rxb7 42. Ke3 Ra7 43. a4 Rxa4 44. Kd4 Kd7 45. f4 Kd6 46. g4
Ke6 47. g3 Kf6 48. Kc3 h5 49. gxh5 gxh5 50. Rh1 Kg6 51. Rd1 Kf5 52. Rf1 Kg4 53.
f5 Kxg3 54. f6 Ra8 55. Kxc4 h4 56. Kxd3 h3 57. Ke4 Kg2 58. Rf5 Ra4+ 59. Kd3
Ra3+ 60. Ke4 Ra4+ 1/2-1/2

[Event "Autumn Cup"]
[Site "Wellington Chess Club"]
[Date "2014.05.01"]
[Round "1"]
[White "Frost, Paul"]
[Black "Tionko, Efrain"]
[Result "0-1"]
[WhiteElo "1814"]
[BlackElo "1891"]

1. e4 c5 2. Nf3 a6 3. d4 cxd4 4. Nxd4 Nf6 5. Nc3 e5 6. Nf3 Bb4 7. Bd2 Qc7 8.
Nd5 Nxd5 9. exd5 Bxd2+ 10. Qxd2 d6 11. Be2 O-O 12. O-O Nd7 13. b4 b6 14. Rac1
Bb7 15. c4 a5 16. a3 Nf6 17. Rfd1 Rfd8 18. Rc2 axb4 19. axb4 Ra4 20. Rdc1 Rda8
21. h3 h6 22. Nh2 Qe7 23. Nf1 b5 24. Ne3 bxc4 25. Rxc4 Ra2 26. R4c2 Rxc2 27.
Rxc2 Ne4 28. Qc1 Qh4 29. Bd3 Nf6 30. Rc8+ Rxc8 31. Qa3 Nxd5 32. Nxd5 Bxd5 33.
b5 Qg5 34. g3 Qc1+ 35. Qxc1 Rxc1+ 36. Kh2 Rh1# 0-1

[Event "Autumn Cup"]
[Site "Wellington Chess Club"]
[Date "2014.05.01"]
[Round "1"]
[White "Jackson, Ross"]
[Black "Aldridge, Alan"]
[Result "1/2-1/2"]
[WhiteElo "2013"]
[BlackElo "1980"]

1. d4 Nf6 2. c4 e6 3. g3 Bb4+ 4. Bd2 Qe7 5. Bg2 O-O 6. Nc3 c5 7. dxc5 Bxc5 8.
Nh3 Nc6 9. O-O d5 10. cxd5 Nxd5 11. Bg5 f6 12. Nxd5 exd5 13. Bd2 Kh8 14. Nf4 d4
15. Nd3 Bd6 16. Re1 Bg4 17. h3 Bh5 18. Nf4 Bxf4 19. Bxf4 Rfd8 20. g4 Bf7 21.
Qa4 Bd5 22. f3 Rac8 23. a3 Qf7 24. Qb5 Bc4 25. Qf5 Be6 26. Qb1 Ne7 27. e4 Ng6
28. Bg3 Ne5 29. f4 Nc4 30. f5 Bd7 31. Bf2 Bb5 32. b3 Nd2 33. Qb2 Nxb3 34. a4
Bc4 35. e5 fxe5 36. Rxe5 Nxa1 37. Qxa1 d3 38. Bc5 Re8 39. Bd4 Rcd8 40. Bf3 Qd7
41. Kf2 Rxe5 42. Bxe5 d2 43. Bd1 Qe7 44. f6 Qc5+ 45. Kg2 Bd5+ 46. Kf1 Bc4+ 47.
Kg2 Qc6+ 48. Kh2 gxf6 49. Bxf6+ Kg8 50. Bxd8 Qd6+ 51. Kg2 Qxd8 52. Qc3 Qd5+ 53.
Qf3 Qc5 54. Qf2 1/2-1/2

[Event "Autumn Cup"]
[Site "Wellington Chess Club"]
[Date "2014.05.01"]
[Round "1"]
[White "Ker, Anthony"]
[Black "Stone, Andrew"]
[Result "1-0"]
[WhiteElo "2420"]
[BlackElo "2075"]

1. e4 e5 2. Nf3 Nc6 3. d4 exd4 4. Nxd4 Bc5 5. Nxc6 Qf6 6. Qd2 dxc6 7. Nc3 Bd4
8. Bd3 Ne7 9. O-O O-O 10. Rb1 Be6 11. Kh1 c5 12. Nb5 c4 13. Nxd4 Qxd4 14. Be2
Rad8 15. Qxd4 Rxd4 16. Be3 Rxe4 17. Bf3 Re5 18. Bxb7 Rb5 19. Bf3 Bf5 20. Rfc1
a5 21. Be2 Be6 22. Rd1 Rfb8 23. Bd4 Nc6 24. Bc3 a4 25. a3 f6 26. Rd2 Ne5 27.
Rbd1 Kf7 28. h3 Rxb2 29. f4 Ra2 30. Bxe5 fxe5 31. f5 c3 32. fxe6+ Ke8 33. Rd7
Rxc2 34. Bh5+ g6 35. Rxh7 gxh5 36. Rh8+ Ke7 37. Rxb8 Rd2 1-0

[Event "Autumn Cup"]
[Site "Wellington Chess Club"]
[Date "2014.05.01"]
[Round "1"]
[White "Konakanchi, Karthik"]
[Black "Meravanage, Satwik"]
[Result "1-0"]
[WhiteElo "1308"]
[BlackElo "1316"]

1. e4 e5 2. Nf3 Nc6 3. Nc3 Bc5 4. Nxe5 Nxe5 5. d4 Bb6 6. dxe5 d6 7. exd6 Qxd6
8. Qxd6 cxd6 9. Bf4 Bc5 10. e5 dxe5 11. Bxe5 Bf5 12. Bxg7 Be7 13. Bxh8 Bf6 14.
Bxf6 Nxf6 15. O-O-O Ne4 16. Nxe4 Bxe4 17. Re1 1-0

[Event "Autumn Cup"]
[Site "Wellington Chess Club"]
[Date "2014.05.01"]
[Round "1"]
[White "List, Robert"]
[Black "Brockway, Andrew"]
[Result "1/2-1/2"]
[WhiteElo "1661"]
[BlackElo "1769"]

1. e4 c5 2. Nc3 g6 3. Bc4 Nc6 4. a3 Bg7 5. Nf3 e6 6. d3 Nge7 7. Bf4 d5 8. Ba2
O-O 9. Qd2 dxe4 10. Nxe4 b6 11. c3 Ba6 12. O-O-O Nf5 13. Bg5 Qc7 14. g4 Nd6 15.
Nf6+ Bxf6 16. Bxf6 Ne8 17. Bg5 Ng7 18. Bf6 Ne8 19. Bh4 Ne5 20. Nxe5 Qxe5 21. f4
Qg7 22. f5 exf5 23. gxf5 Nf6 24. Bg5 Rfd8 25. fxg6 hxg6 26. Rhf1 Rxd3 27. Qf4
Rxd1+ 28. Rxd1 Nh5 29. Qc7 c4 30. Rd8+ Rxd8 31. Qxd8+ Qf8 32. Qc7 Qe8 33. Bd2
Qe2 34. Qd8+ Kh7 35. Qg5 Qf1+ 36. Kc2 Qd3+ 37. Kc1 Qf1+ 38. Kc2 Qd3+ 39. Kd1
Qf1+ 40. Kc2 1/2-1/2

[Event "Autumn Cup"]
[Site "Wellington Chess Club"]
[Date "2014.05.01"]
[Round "1"]
[White "Nicholls, Alistair"]
[Black "Stoeveken, Peter"]
[Result "1/2-1/2"]
[WhiteElo "1848"]
[BlackElo "1886"]

{ My favourite tournament in the club, even playing field and short, good
chance to gain rating points - though there's more to chess than just winning
right? } 1. e4 e6 2. d4 d5 3. Nc3 Bb4 4. a3 Ba5 {Peter played this against me
in the 2012 Autumn Cup where I self destructed and he won, the most common move
is 4 ..Bxc3 where a sharp position arises. } 5. Qg4 {play agressive?, always!}
5... g6 {computer prefers ..Nf6 grabbing the e pawn for the g because then
afterwards the black rook can hassle the queen on the g-file. Though play is
equal. } 6. e5 c5 {The best way to undermine the white center} 7. Bg5 { already
this is an inaccuracy, which puts me in a knot very quickly } 7... Qb6 8. O-O-O
{ The only way to defend d4 and b2. } 8... Nc6 $2 { The easy and effective
..Bxc3 shatters my queenside with an advantage for black. } 9. Na4 { Looked
good to me as I win the c5 pawn but there is a much better move! The computer
has a party on a winning move 9.Nb5! (+2.31) but tricky to see the advantage in
it for an 1800 player - I don't have the time or energy to explore but if
you're interested you can! } 9... Qc7 10. Nxc5 Nxe5 { I didn't even consider
this move. Funny here I thought I'd won a piece as the knight would be pinned
to blacks queen but no the bishop defends the queen!  However this move is a
mistake! } 11. Qf4 {Simply 10. dxe5 gives a winning position keeping a piece up
due to after the white c5-knight is captured white has b4 forking bishop and
queen!} 11... Nd7 12. Nd3 h6 13. Qxc7 Bxc7 14. Bf4 Bxf4+ 15. Nxf4 Ne7 16. h4
Nf6 17. Nf3 Ne4 18. Nd3 Bd7 19. Nfe5 Nf5 20. g4 Nxd4 21. Nxd7 Nxc2 22. Kxc2
Kxd7 23. Ne5+ Ke7 24. Rh2 Rac8+ 25. Kb1 Kf6 26. Nd3 Rc7 27. f3 Nd6 28. b3 Rhc8
29. Rc1 Rxc1+ 30. Nxc1 e5 31. Rc2 Rxc2 32. Kxc2 e4 33. fxe4 dxe4 34. Bg2 Ke5
35. Ne2 f5 36. gxf5 Nxf5 37. Kd2 Nxh4 38. Bh1 Nf5 39. Nc3 e3+ 40. Ke1 b6 41.
Nd5 Kd4 42. Nf4 g5 43. Ne2+ Kd3 44. Bf3 Kc2 45. Be4+ Kxb3 46. Bxf5 Kxa3 47. Ng3
a5 48. Ke2 b5 49. Kxe3 b4 50. Kd2 Kb2 {I was not in the mood to solve the
rubiks cube in 50 moves!! A few missed fireworks in the opening but otherwise
not much happened in this game, it was about equal the entire time. } 1/2-1/2

[Event "Autumn Cup"]
[Site "Wellington Chess Club"]
[Date "2014.05.01"]
[Round "1"]
[White "Nyberg, Michael"]
[Black "Timergazi, Layla"]
[Result "1-0"]
[WhiteElo "2030"]
[BlackElo "1957"]

1. Nf3 d5 2. g3 Nf6 3. Bg2 g6 4. d3 Bg7 5. Nbd2 c6 6. O-O O-O 7. c3 Re8 8. Ne5
Nbd7 9. Ndf3 Nxe5 10. Nxe5 Nd7 11. Nxd7 Bxd7 12. e4 dxe4 13. Bxe4 Bh3 14. Re1
Qd7 15. Bg5 h6 16. Be3 g5 17. Qb3 Be6 18. Qc2 f5 19. Bg2 Bd5 20. Bh3 g4 21. Bf1
e5 22. d4 exd4 23. cxd4 Bf3 24. Qb3+ Kh8 25. Qd3 Re4 26. Qd2 Qd5 27. Bxh6 Bxd4
28. Rxe4 fxe4 29. Rc1 Be5 30. Qb4 Qd7 31. Be3 a5 32. Qa3 Qd6 33. Qb3 Qd7 34.
Qb6 Qg7 35. Rc5 Bxb2 36. Rh5+ 1-0

[Event "Autumn Cup"]
[Site "Wellington Chess Club"]
[Date "2014.05.01"]
[Round "1"]
[White "Rossiter, Philip"]
[Black "Stracy, Don"]
[Result "1/2-1/2"]
[WhiteElo "1831"]
[BlackElo "1854"]

1. c4 Nf6 2. Nc3 e5 3. Nf3 Nc6 4. g3 Bb4 5. Qc2 O-O 6. Bg2 d6 7. O-O Be6 8. a3
Bxc3 9. Qxc3 h6 10. b4 a6 11. Bb2 Qd7 12. d4 exd4 13. Nxd4 Nxd4 14. Qxd4 Rab8
15. Rfd1 Rfd8 16. Rac1 b5 17. cxb5 axb5 18. Qh4 Ne8 19. Qf4 f6 20. e4 Qe7 21.
Qe3 Bc4 22. Rd2 c5 23. bxc5 dxc5 24. Rcd1 Rxd2 25. Qxd2 Rb6 26. Qd8 Qxd8 27.
Rxd8 Kf8 28. Rc8 Rd6 29. h4 Rd1+ 30. Kh2 Rd2 31. Bc1 Rxf2 32. Be3 Rc2 33. Bxc5+
Kf7 34. Kg1 Rc1+ (34... Be6 $1 {wins the exchange, as white cannot defend the
bishop} ) 35. Kf2 Rc2+ 36. Kg1 {draw agreed, although black is winning here}
1/2-1/2

[Event "Autumn Cup"]
[Site "Wellington Chess Club"]
[Date "2014.05.01"]
[Round "1"]
[White "Sellen, Ian"]
[Black "Croad, Nicolas"]
[Result "0-1"]
[WhiteElo "2093"]
[BlackElo "2357"]

1. c4 Nf6 2. g3 e6 3. Bg2 d5 4. Nf3 Be7 5. O-O O-O 6. d3 {Rather unambitious,
but it did make my opponent stop and think for a bit.} 6... b6 7. Nc3 Bb7 8.
Qc2 Nbd7 (8... d4 {would have made me wonder where I was going to put my
knight} ) 9. a3 a5 10. Rb1 dxc4 11. dxc4 Nc5 12. Rd1 Qc8 13. Ng5 Bxg2 14. Kxg2
Qb7+ 15. f3 h6 16. Nge4 Nfxe4 17. Nxe4 Nxe4 18. Qxe4 Qxe4 19. fxe4 {The mass
swap-off has left me with rather an ugly pawn structure, but actually it is not
easy for black to exploit this, particularly while I have the d file under
control. In addition my king is better placed to join the action.} 19... Rfd8
20. Bf4 Rxd1 21. Rxd1 Rd8 22. Rd3 Rc8 23. Rd7 Bd8 (23... Bd6 24. Bxd6 cxd6 25.
Rxd6 Rxc4 26. Rxb6 Rxe4 {slight advantage to white} ) 24. b4 a4 25. c5 b5
{fixing my pawns on the same coloured squares as the bishops seems like a good
idea, but in this case the advantage gained by myy having a pawn on c6
outweighs this} 26. Kf3 Kf8 27. c6 Ke8 28. Be5 g6 29. Ke3 ( {I also
contemplated} 29. h4 {, but decided at the last minute to tempt my opponent to
chase my queen side pawns} ) 29... Bg5+ 30. Kd4 Bc1 ( {better is} 30... Rd8 31.
Kc5 Rxd7 32. cxd7+ Kxd7 33. Kxb5 {but this should also be winning for white} )
31. Kc5 Bxa3 32. Kxb5 Ra8 33. Bxc7 ( {after the game Nic suggested} 33. Rd1
Rb8+ 34. Kxa4 Bxb4 35. Bxc7 {, which also wins, but the played move should win
quicker!} ) 33... Bb2 {The a pawn looks scary, but actually this position
should be completely won for white, just as long as I don't play Rd8+} 34. Rd8+
$4 {This move joins the lengthening list of moves that will haunt me till I
die}  ( {Various ways to win include} 34. Bd6 Bf6 (34... a3 35. Re7+ Kd8 36.
c7+ Kc8 37. Re8+ Kb7 38. Rb8+) 35. Rb7 Bd8 36. c7 Bxc7 37. Rxc7 a3 38. Re7+ Kd8
39. Rxf7 Kc8 40. Rf8+ Kb7 41. Rxa8 Kxa8)  (34. e5 a3 35. Bd6 a2 36. Re7+ Kd8
37. c7+ {etc} ) 34... Rxd8 35. Bxd8 a3 {of course black doesn't take the
offered bishop straight away, but if he does, he is still winning!} 36. Ka6
Kxd8 37. b5 a2 (37... Kc7 {is quicker and better} ) 38. Kb7 Be5 39. b6 a1=Q 40.
c7+ Ke7 41. c8=Q {the rest is pretty straightforward} 41... Qa4 42. Qc5+ Kf6
43. Qe3 Kg7 44. Qd3 Qd4 45. Kc6 Qa4+ 46. Kc5 Qa8 47. Kb5 Qb7 48. Qc4 Kf6 49.
Qc2 Bd4 50. Qc7 Qxb6+ 51. Qxb6 Bxb6 0-1

[Event "Autumn Cup"]
[Site "Wellington Chess Club"]
[Date "2014.05.01"]
[Round "1"]
[White "Wilkins, Mark"]
[Black "Perry, Roger"]
[Result "1/2-1/2"]
[WhiteElo "1898"]
[BlackElo "2074"]

1. d4 Nf6 2. Bg5 Ne4 3. Bf4 d5 4. f3 Nf6 5. e3 c5 6. c3 Nc6 7. Bd3 e6 8. Ne2
Be7 9. Bg3 b6 10. O-O O-O 11. Nd2 Bb7 12. Rc1 Nh5 13. Qe1 Nxg3 14. Qxg3 Bf6 15.
f4 g6 16. Nf3 Bg7 17. h4 h5 18. Ne5 Ne7 19. Qh3 Nf5 20. g4 hxg4 21. Nxg4 Qxh4
22. Rf3 Qxh3 23. Rxh3 a5 24. Kf2 f6 25. Rch1 Kf7 26. Rh7 Rh8 27. Nh6+ Nxh6 28.
R1xh6 Rxh7 29. Bxg6+ Kf8 30. Rxh7 Bc6 31. Ng3 Ra7 32. Nh5 Re7 33. a3 Kg8 34.
Ng3 Be8 35. f5 exf5 36. Bxf5 Bf8 37. Rh4 Rg7 38. Nh5 Bxh5 39. Rxh5 Kf7 40. a4
Rg5 41. Rh7+ Rg7 42. Rh5 Rg5 43. Rxg5 fxg5 44. Bg4 Ke7 45. Kf3 Kd6 46. e4 cxd4
47. cxd4 dxe4+ 48. Kxe4 Bg7 49. b3 Bf6 1/2-1/2

[Event "Autumn Cup"]
[Site "Wellington Chess Club"]
[Date "2014.05.02"]
[Round "1"]
[White "Cunningham, Patrick"]
[Black "Kay, Bruce"]
[Result "1/2-1/2"]
[WhiteElo "1766"]
[BlackElo "1755"]

1. e4 e5 2. Nf3 Nc6 3. Bb5 a6 4. Ba4 Nf6 5. O-O Nxe4 6. Re1 Nc5 7. Bxc6 dxc6 8.
Nxe5 Be7 9. d4 Ne6 10. Be3 O-O 11. Nc3 f6 12. Nf3 f5 13. d5 cxd5 14. Nxd5 Bd6
15. c4 f4 16. Bd4 Nxd4 17. Qxd4 b6 18. Rad1 Bb7 19. Re4 Bxd5 20. Qxd5+ Kh8 21.
Ng5 Qf6 22. Ne6 Rfe8 23. Rde1 Rac8 24. h3 h6 25. Qh5 a5 26. b3 Re7 27. Qe2 Rce8
28. Qg4 Bb4 29. R1e2 Bd6 30. f3 g5 31. Kh1 Qa1+ 32. Kh2 Qf6 33. Qh5 Kh7 34. Qg4
Kh8 35. Qh5 Kh7 1/2-1/2

[Event "Autumn Cup"]
[Site "Wellington Chess Club"]
[Date "2014.05.08"]
[Round "2"]
[White "Anderson, Gordon"]
[Black "MacDonald, John"]
[Result "0-1"]
[WhiteElo "1615"]
[BlackElo "1505"]

1. d4 Nf6 2. c4 e6 3. a3 b6 4. Nc3 Bb7 5. Bg5 Be7 6. Bxf6 Bxf6 7. e4 d6 8. Nf3
Nd7 9. Bd3 Qe7 10. O-O h6 11. Nb5 Nf8 12. Rc1 a6 13. Nc3 Bg5 14. Rc2 Ng6 15. g3
Qd7 16. e5 dxe5 17. Nxe5 Nxe5 18. f4 Qxd4+ 19. Rff2 Nf3+ 20. Kf1 Nxh2+ 21. Rxh2
Bf6 22. Rcd2 Qc5 23. b4 Qe7 24. Ne4 O-O-O 25. Nxf6 Qxf6 26. Bc2 Rxd2 27. Rxd2
Rd8 28. Bd3 e5 29. Qg4+ Kb8 30. Qd1 exf4 31. gxf4 g5 32. f5 Qc6 33. Kf2 Qg2+
34. Ke1 Qg1+ 35. Bf1 Qg3+ 36. Ke2 Bf3+ 0-1

[Event "Autumn Cup"]
[Site "Wellington Chess Club"]
[Date "2014.05.08"]
[Round "2"]
[White "Bennett, Ezra"]
[Black "Konakanchi, Pramodh"]
[Result "1/2-1/2"]
[WhiteElo "935"]
[BlackElo "1380"]

1. d4 d5 2. Bf4 Nf6 3. Nc3 Nc6 4. Nf3 Bf5 5. e3 Qd7 6. Ne5 Nxe5 7. dxe5 Ng4 8.
Bd3 Bxd3 9. cxd3 O-O-O 10. e4 d4 11. Nd5 h5 12. Qc1 e6 13. Nxc7 Qxc7 14. Qxc7+
Kxc7 15. Rc1+ Kb8 16. Bg5 Bb4+ 17. Ke2 Rc8 18. f3 Ne3 19. Bxe3 dxe3 20. Kxe3
Rxc1 21. Rxc1 Rh6 22. Rc4 Ba5 23. Rd4 Bb6 24. h3 Bxd4+ 25. Kxd4 Rg6 26. g4 hxg4
27. hxg4 f6 28. a3 fxe5+ 29. Kxe5 Kc7 30. d4 Kc6 31. d5+ exd5 32. exd5+ Kc5 33.
b4+ Kc4 34. d6 Rh6 35. d7 Rh8 36. Kd6 Rd8 37. Kc7 Rxd7+ 38. Kxd7 b5 39. Kc6 g5
40. Kb7 Kb3 41. Ka6 Ka4 {After many adventures, this game ended up as a draw}
1/2-1/2

[Event "Autumn Cup"]
[Site "Wellington Chess Club"]
[Date "2014.05.08"]
[Round "2"]
[White "Croad, Nicolas"]
[Black "Ker, Anthony"]
[Result "1/2-1/2"]
[WhiteElo "2357"]
[BlackElo "2420"]

1. d4 d6 2. Nf3 Bg4 3. c4 Nd7 4. g3 Bxf3 5. exf3 g6 6. Bg2 Bg7 7. d5 Ngf6 8.
O-O O-O 9. Nc3 Nb6 10. Qe2 Re8 11. Bh3 c6 12. dxc6 bxc6 13. Rd1 d5 14. cxd5
cxd5 15. f4 e6 16. Be3 Qe7 17. Rac1 Nc4 18. Bd4 Qb7 19. b3 Nd6 20. Qb2 Nh5 21.
Qa3 Nb5 22. Nxb5 Qxb5 23. Bf1 Qd7 24. Ba6 Bxd4 25. Rxd4 Nf6 26. Qa5 Re7 27. Rb4
Qd8 28. Qxd8+ Rxd8 29. a4 Ne4 30. a5 Nd6 31. Rc6 Red7 32. Kf1 Kf8 33. Ke2 Ke7
34. Bd3 f6 35. Kd2 e5 36. fxe5 fxe5 37. Bf1 Ne4+ 38. Ke3 Ng5 39. a6 d4+ 40. Kd3
e4+ 41. Kd2 Rf8 42. h4 Nf3+ 43. Kd1 Ne5 44. Rc5 Ng4 45. Rb7 Nxf2+ 46. Ke1 d3
47. Rd5 Rxb7 48. axb7 Ng4 49. Bh3 h5 50. Bxg4 hxg4 51. Re5+ Kd6 52. Rxe4 Rb8
53. Rxg4 Rxb7 54. b4 Ke6 55. Kd2 Kf5 56. Rf4+ Ke5 57. Kxd3 a6 58. Rg4 Kf5 59.
Rg5+ Kf6 60. Kc4 Rc7+ 61. Kb3 Rc1 62. Ra5 Rc6 63. Ka4 Rd6 64. Rg5 Rd3 65. Ka5
Ra3+ 66. Kb6 Rb3 67. Rg4 Ra3 68. Kb7 Ra4 69. Kc7 a5 70. Rf4+ Kg7 71. b5 Rxf4
72. gxf4 a4 73. b6 a3 74. b7 a2 75. b8=Q a1=Q 76. Qb4 Qf6 77. Kd7 {draw agreed}
1/2-1/2

[Event "Autumn Cup"]
[Site "Wellington Chess Club"]
[Date "2014.05.08"]
[Round "2"]
[White "Dive, Russell"]
[Black "Stone, Andrew"]
[Result "1-0"]
[WhiteElo "2451"]
[BlackElo "2075"]

1. c4 e5 2. g3 d6 3. Bg2 f5 4. Nc3 Nf6 5. d3 Be7 6. Rb1 O-O 7. b4 Kh8 8. Nf3 c6
9. Qb3 Qe8 10. e3 Na6 11. Ba3 Nc7 12. d4 e4 13. Nd2 d5 14. b5 dxc4 15. Nxc4
cxb5 16. Nxb5 Nxb5 17. Qxb5 Be6 18. Qxe8 Rfxe8 19. Rxb7 Bxc4 20. Rxe7 Rxe7 21.
Bxe7 Nd5 22. Ba3 Bxa2 23. Kd2 a5 24. Rc1 a4 25. Bf1 g6 26. Rc5 Rb8 27. Bb5 Bb3
28. h4 Kg7 29. Bc6 Nf6 30. Ra5 Rc8 31. Ra6 Ng4 32. d5 Ne5 33. Bb2 Re8 1-0

[Event "Autumn Cup"]
[Site "Wellington Chess Club"]
[Date "2014.05.08"]
[Round "2"]
[White "Facchini, Fabrizio"]
[Black "Konakanchi, Karthik"]
[Result "1/2-1/2"]
[WhiteElo "1288"]
[BlackElo "1308"]

1. e4 e5 2. Nf3 Nc6 3. d4 d6 4. dxe5 dxe5 5. Qxd8+ Kxd8 6. a3 Nf6 7. Nc3 Nd4 8.
Nxd4 exd4 9. Ne2 Nxe4 10. Nxd4 Bc5 11. Be3 Re8 12. Bc4 Bxd4 13. Rd1 c5 14. c3
Nd6 15. cxd4 Nxc4 16. dxc5+ Bd7 17. O-O Nxe3 18. fxe3 Rxe3 19. Rxf7 Re7 20.
Rf8+ Re8 21. Rf7 1/2-1/2

[Event "Autumn Cup"]
[Site "Wellington Chess Club"]
[Date "2014.05.08"]
[Round "2"]
[White "Farrington, Lawrence"]
[Black "Cunningham, Patrick"]
[Result "0-1"]
[WhiteElo "1733"]
[BlackElo "1766"]

1. e4 e6 2. d4 c5 3. c3 Nc6 4. Nf3 Nf6 5. e5 Nd5 6. c4 Nb6 7. d5 exd5 8. cxd5
Nb4 9. Nc3 d6 10. a3 Na6 11. exd6 Bxd6 12. Bb5+ Bd7 13. Bxd7+ Qxd7 14. O-O O-O
15. Qd3 c4 16. Qc2 Nc7 17. Rd1 Rfe8 18. Be3 Rac8 19. Bxb6 axb6 20. Qd2 Qg4 21.
h3 Qd7 22. Rac1 Na6 23. Re1 Nc5 24. Rxe8+ Rxe8 25. Re1 Nd3 26. Rxe8+ Qxe8 27.
g3 Bc5 28. Nd1 Qe4 29. Kg2 Qxd5 30. Ne3 Qe4 31. Qe2 b5 32. Kh2 h6 33. Nd2 Qe5
34. Qf3 Bxe3 35. fxe3 Qxb2 36. Qe2 c3 0-1

[Event "Autumn Cup"]
[Site "Wellington Chess Club"]
[Date "2014.05.08"]
[Round "2"]
[White "Frost, Paul"]
[Black "Nicholls, Alistair"]
[Result "0-1"]
[WhiteElo "1814"]
[BlackElo "1848"]

{ I mentioned to Paul before the game I think I've played him more than anybody
else, and is definitely one of my favourite opponents. } 1. e4 e5 2. Nf3 Nc6 3.
Bb5 f5 { The Schliemann Defense - the most aggressive response to the Spanish.
} 4. d3 { and the most solid response to the Schliemann Defense! } 4... fxe4 5.
dxe4 Nf6 6. O-O Bc5 { Sacrificing a pawn for active development. } 7. Bxc6 bxc6
8. Nxe5 O-O 9. Nc3 Ba6 { Here after not much thinking I spotted a nice tactic
with this move, and actually didn't see a good refutation to it. } 10. Nd3 {
but of course there was. }  (10. Re1 Bxf2+ $1 11. Kxf2 Ng4+ 12. Kg1 Nxe5) 10...
Bb6 11. Bg5 { I didn't like this move as it just helps black develop his pieces
to good squares. } 11... Qe8 12. Qe2 { This just gives me a long standing
strong pin with my light bishop. } 12... Qg6 13. Bxf6 { Now the a7-g1 diagonal
is mine! } 13... Rxf6 14. Kh1 Raf8 15. f3 Qg5 16. Nd1 Rh6 { threatening ..Rxh2
followed by ..Qh4# } 17. g4 { White is creating lots of weaknesses around his
king. } 17... d5 { Ripping open the centre for a rook and potentially the
deadly a8-h1 diagonal. } 18. N1f2 Qh4 19. h3 $2 { A blunder which Paul over
looked. } 19... Bxf2 $1 20. Rxf2 dxe4 $1 { 20. ..Qxh3 also wins but only gives
a winning endgame. } 21. fxe4 $4 { The final fatal blunder which Paul
surprisingly overlooked. There is an appropriate saying that a player on the
defense is much more likely to blunder! } 21... Rxf2 22. Qxf2 Qxh3+ {
Considering Paul is a decent player this is possibly one of my best games. A
surprisingly very clean and accurate execution where black dominated the board
from the opening. } 0-1

[Event "Autumn Cup"]
[Site "Wellington Chess Club"]
[Date "2014.05.08"]
[Round "2"]
[White "Kay, Bruce"]
[Black "List, Robert"]
[Result "1/2-1/2"]
[WhiteElo "1755"]
[BlackElo "1661"]

1. d4 e6 2. c4 Nf6 3. Nc3 Bb4 4. e3 Ne4 5. Qc2 Nxc3 6. bxc3 Be7 7. e4 c5 8. Nf3
d6 9. e5 Nc6 10. a3 Qa5 11. exd6 Bxd6 12. Bd2 Bd7 13. Bd3 Qc7 14. O-O h6 15. d5
Ne7 16. dxe6 Bxe6 17. h3 g5 18. Rfe1 O-O-O 19. Rab1 Bd7 20. Be4 b6 21. a4 f5
22. Bd5 g4 23. hxg4 fxg4 24. Nh4 Nc6 25. Nf5 g3 26. Nxd6+ Qxd6 27. f3 Rhf8 28.
Qe4 Qf6 29. Bxc6 Bxc6 30. Qe6+ Qxe6 31. Rxe6 Rxd2 32. Rxc6+ Kb7 33. Rxh6 Rfd8
34. Rf1 Rd1 35. Rg6 Rxf1+ 36. Kxf1 Rd3 1/2-1/2

[Event "Autumn Cup"]
[Site "Wellington Chess Club"]
[Date "2014.05.08"]
[Round "2"]
[White "Kierstead, James"]
[Black "Sknar, Andrew"]
[Result "1-0"]
[WhiteElo "1177"]
[BlackElo "918"]

1. e4 e5 2. Nf3 Nc6 3. Bb5 a6 4. Bxc6 dxc6 5. O-O Bg4 6. Nc3 Bxf3 7. Qxf3 Nf6
8. d3 Bb4 9. Ne2 O-O 10. b3 Bc5 11. Bb2 Qd6 12. Rad1 Rad8 13. d4 Bb6 14. Rd2
Qb4 15. Rfd1 c5 16. c3 Qb5 17. dxe5 Rxd2 18. Rxd2 Nd7 19. c4 Qb4 20. Bc3 Qa3
21. Qd3 Rd8 22. f4 1-0

[Event "Autumn Cup"]
[Site "Wellington Chess Club"]
[Date "2014.05.08"]
[Round "2"]
[White "Meravanage, Satwik"]
[Black "Asplet, Mike"]
[Result "0-1"]
[WhiteElo "1316"]
[BlackElo "1358"]

1. e4 e5 2. Nf3 Nc6 3. Bc4 Nf6 4. Nc3 Be7 5. d3 O-O 6. O-O d6 7. h3 Be6 8. Re1
Qd7 9. Bg5 Nh5 10. Nd5 f6 11. Be3 Bxd5 12. Bxd5+ Kh8 13. Nh4 Nf4 14. Nf5 Nxd5
15. Qg4 g6 16. Bh6 Rg8 17. Nxe7 Qxg4 18. hxg4 Ndxe7 0-1

[Event "Autumn Cup"]
[Site "Wellington Chess Club"]
[Date "2014.05.08"]
[Round "2"]
[White "Perry, Roger"]
[Black "Timergazi, Layla"]
[Result "0-1"]
[WhiteElo "2074"]
[BlackElo "1957"]

1. e4 c6 2. d4 d5 3. exd5 cxd5 4. c4 Nf6 5. Nc3 e6 6. Nf3 Nc6 7. Bd3 Be7 8.
cxd5 exd5 9. h3 O-O 10. O-O h6 11. Bf4 Be6 12. Qd2 Qd7 13. Rfe1 Ne8 14. Ne5
Nxe5 15. Bxe5 Bf6 16. Rad1 Rc8 17. Qf4 Bxe5 18. dxe5 Nc7 19. Qd4 a6 20. Bc2 g6
21. Bb3 Rfd8 22. Qh4 Kh7 23. Ne4 Ne8 24. Rd4 Qc6 25. Red1 Rd7 26. Nf6+ Nxf6 27.
Qxf6 b5 28. Qf4 a5 29. a3 a4 30. Bxd5 Rxd5 0-1